000 00245nam a22001217a 4500
020 _a81-7862-568-7
082 _a001
_bSTE/G
245 _aGALAXIES
260 _aNEW DELHI
_bSTERLING PRESS
300 _a32
650 _aGK
_zNEW DELHI
942 _cBK
999 _c6694
_d6694